KC Chiefs Players in the NFL HOF - Statistics

General Stats
  • This quiz has been taken 109 times
  • The average score is 7 of 14
Answer Stats
Year Inducted, Position Answer % Correct
2019, Tight Ends Tony Gonzalez
93%
2009, Linebacker Derrick Thomas
81%
1987, Quarterback Len Dawson
81%
2008, Cornerback Emmitt Thomas
78%
1983, Linebacker Bobby Bell
51%
1991, Kicker Jan Stenerud
47%
1986, Linebacker Willie Lanier
47%
2015, Offensive Guard Willie Shields
46%
1990, Defensive Tackle Buck Buchanan
40%
2003, Running Back Marcus Allen
39%
2012, Offensive Tackle Willie Roaf
28%
2013, Defensive Tackle Curley Culp
17%
2019, Safety Johnny Robinson
17%
1997, Center Mike Webster
13%
No matching quizzes found
Score Distribution
Percent of People with Each Score
Percentile by Number Answered
Your Score History
You have not taken this quiz